| 000 | 01039nam0a22002651 4500 | ||
|---|---|---|---|
| 001 | rc\2861851 | ||
| 005 | 20250529210643.0 | ||
| 035 | _a(NLR Aleph) 007016105 | ||
| 090 |
_a5863256 _c5863256 |
||
| 100 | _a20110711d1927 |||y0rusy50 ca | ||
| 101 | 0 | _arus | |
| 102 | _aRU | ||
| 105 | _ay z ||||| | ||
| 200 | 1 | _aУголовный кодекс РСФСР редакции 1926 года | |
| 210 |
_aЛенинград _cЛенингр. губисполком _d1927 _gтипо-литогр. "Вестник Ленингр. совета" |
||
| 215 |
_a135 с. _d15х11 см |
||
| 300 | _aПагинация ошибочна. Действительное число страниц - 134 | ||
| 300 | _aПеред загл.: "Издание неофициальное" | ||
| 740 | 1 |
_aРСФСР _iУголовный кодекс _tЗаконы и постановления _9761719 _3RU\NLR\AUTH\880548205 |
|
| 801 | 0 |
_aRU _bNLR _gpsbo |
|
| 801 | 1 |
_aRU _bELAR _2rusmarc |
|
| 852 |
_aNLR _j25/1117 |
||
| 942 | _cBOOK | ||
| 980 | _aNB | ||